Annual review of astronomy and astrophysics (Record no. 4671)

MARC details
000 -LEADER
fixed length control field 00695nam a2200205Ia 4500
003 - CONTROL NUMBER IDENTIFIER
control field IN-BaIIA
008 - FIXED-LENGTH DATA ELEMENTS--GENERAL INFORMATION
fixed length control field 211028s9999 xx 000 0 eng d
040 ## - CATALOGING SOURCE
Transcribing agency IIA Library
080 ## - UNIVERSAL DECIMAL CLASSIFICATION NUMBER
Universal Decimal Classification number (05)52
Item number ANN-12
245 #0 - TITLE STATEMENT
Title Annual review of astronomy and astrophysics
Remainder of title vol. 12
Statement of responsibility, etc. edited by Leo Goldberg, David Layzer and John G. Philips
260 ## - PUBLICATION, DISTRIBUTION, ETC.
Place of publication, distribution, etc. Palo Alto, California
Name of publisher, distributor, etc. Annual Reviews
Date of publication, distribution, etc. 1974
300 ## - PHYSICAL DESCRIPTION
Extent 495p.
650 ## - SUBJECT ADDED ENTRY--TOPICAL TERM
Topical term or geographic name entry element  Astronomy-Periodicals 
9 (RLIN) 8276
650 ## - SUBJECT ADDED ENTRY--TOPICAL TERM
Topical term or geographic name entry element  Astrophysics-Periodicals
9 (RLIN) 8277
650 ## - SUBJECT ADDED ENTRY--TOPICAL TERM
Topical term or geographic name entry element Astronomy and astrophysics thesaurus 
9 (RLIN) 1143
700 ## - ADDED ENTRY--PERSONAL NAME
Personal name Goldberg, Leo., ed.
9 (RLIN) 4090
700 ## - ADDED ENTRY--PERSONAL NAME
Personal name Layzer, David., ed.
9 (RLIN) 4091
700 ## - ADDED ENTRY--PERSONAL NAME
Personal name Philips, G., ed.
9 (RLIN) 7200
942 ## - ADDED ENTRY ELEMENTS (KOHA)
Koha item type Books
Holdings
Withdrawn status Lost status Damaged status Not for loan Home library Current library Shelving location Date acquired Total Checkouts Full call number Barcode Date last seen Price effective from Koha item type
        IIA Library-Bangalore IIA Library-Bangalore General Stacks 11/02/1975   (05)52/ ANN-12 5212 05/11/2021 11/02/1975 Books

Powered by Koha